[Event "20. Open d'escacs de Sants 2018"]
[Site "Barcelona ESP"]
[Date "2018.08.21"]
[Round "5.21"]
[White "MOEHN, Hans"]
[Black "KARTHIK, Venkataraman"]
[Result "1-0"]
[WhiteElo "2358"]
[BlackElo "2502"]
[PlyCount "93"]
[EventDate "2018.08.17"]
[EventType "swiss"]
[EventRounds "10"]
[EventCountry "ESP"]
[SourceTitle "Ajedrez en Madrid"]
[Source "lmi"]
[SourceDate "2018.08.17"]
[SourceVersion "1"]
[SourceVersionDate "2019.07.10"]
[SourceQuality "1"]

1. Nf3 d5 2. g3 Nc6 3. d4 Bf5 4. Bg2 Nb4 5. Na3 e6 6. O-O h6 7. c3 Nc6 8. Nc2
Bd6 9. Nce1 Nf6 10. Nd3 O-O 11. b3 Na5 12. Bb2 Rb8 13. Nfe5 Nd7 14. f4 b6 15.
Nf2 Bxe5 16. fxe5 f6 17. exf6 Nxf6 18. e4 Bxe4 19. Qe2 Nc6 20. Nxe4 Nxe4 21.
Bxe4 dxe4 22. Rxf8+ Qxf8 23. Qxe4 Qd6 24. Re1 Re8 25. Bc1 e5 26. Bf4 Re7 27.
Bxe5 Nxe5 28. dxe5 Qe6 29. c4 c6 30. Kg2 Rd7 31. Re2 Rd8 32. h3 Rd1 33. Rf2 c5
34. Qa8+ Kh7 35. Qe4+ Kg8 36. Qf5 Qxf5 37. Rxf5 Re1 38. Kf2 Re4 39. Kf3 Re1 40.
h4 a6 41. h5 a5 42. g4 Kh7 43. Kf4 Kg8 44. g5 hxg5+ 45. Rxg5 Kf7 46. Rg6 Re2
47. a4 1-0

[Event "20. Open d'escacs de Sants 2018"]
[Site "Barcelona ESP"]
[Date "2018.08.21"]
[Round "5.22"]
[White "DIERMAIR, Andreas"]
[Black "BARP, Alberto"]
[Result "1-0"]
[WhiteElo "2501"]
[BlackElo "2340"]
[PlyCount "113"]
[EventDate "2018.08.17"]
[EventType "swiss"]
[EventRounds "10"]
[EventCountry "ESP"]
[SourceTitle "Ajedrez en Madrid"]
[Source "lmi"]
[SourceDate "2018.08.17"]
[SourceVersion "1"]
[SourceVersionDate "2019.07.10"]
[SourceQuality "1"]

1. c4 e6 2. g3 d5 3. Bg2 dxc4 4. Qa4+ c6 5. Qxc4 b5 6. Qc2 Bb7 7. a4 a6 8. Nc3
Nd7 9. Nf3 Ngf6 10. O-O Qb6 11. d3 c5 12. Be3 Rc8 13. axb5 axb5 14. Qb3 Bc6 15.
Nd2 Bxg2 16. Kxg2 Rb8 17. Nde4 Nxe4 18. Nxe4 Be7 19. Rfc1 O-O 20. Kg1 Rfc8 21.
Qa2 Qb7 22. Qa7 c4 23. dxc4 bxc4 24. Qxb7 Rxb7 25. Nd2 Rbc7 26. Ra4 Ne5 27. Bf4
Rc5 28. Bxe5 Rxe5 29. e3 Rb5 30. Raxc4 Rxc4 31. Nxc4 g5 32. Rc2 Bf6 33. Kg2 g4
34. h3 h5 35. h4 Rc5 36. b3 Rb5 37. Nd2 Be7 38. Kf1 Bb4 39. Ne4 Be7 40. Rc3 f5
41. Rc7 Kf8 42. Nd2 Bb4 43. Nc4 Be7 44. Rc6 Kf7 45. Rb6 Rxb6 46. Nxb6 e5 47.
Nd5 Bd6 48. Ke2 Ke6 49. Nc3 Be7 50. Kd3 f4 51. Kc4 f3 52. Ne4 Kf5 53. Kd5 Bb4
54. Nc5 e4 55. Nxe4 Be7 56. Kd4 Bb4 57. Nc5 1-0

[Event "20. Open d'escacs de Sants 2018"]
[Site "Barcelona ESP"]
[Date "2018.08.21"]
[Round "5.23"]
[White "DEDEBAS, Emre Emin"]
[Black "VALSECCHI, Alessio"]
[Result "1/2-1/2"]
[WhiteElo "2353"]
[BlackElo "2500"]
[PlyCount "37"]
[EventDate "2018.08.17"]
[EventType "swiss"]
[EventRounds "10"]
[EventCountry "ESP"]
[SourceTitle "Ajedrez en Madrid"]
[Source "lmi"]
[SourceDate "2018.08.17"]
[SourceVersion "1"]
[SourceVersionDate "2019.07.10"]
[SourceQuality "1"]

1. d4 f5 2. Nc3 d5 3. Bf4 a6 4. e3 Nf6 5. Nf3 e6 6. Bd3 c5 7. O-O Nc6 8. a3 c4
9. Be2 Be7 10. b3 b5 11. a4 b4 12. Na2 cxb3 13. cxb3 O-O 14. Rc1 Bb7 15. Ne5
Qb6 16. a5 Nxa5 17. Ng6 hxg6 18. Bc7 Qa7 19. Bxa5 1/2-1/2

[Event "20. Open d'escacs de Sants 2018"]
[Site "Barcelona ESP"]
[Date "2018.08.21"]
[Round "5.24"]
[White "BOFILL MAS, Alejandro"]
[Black "KEYMER, Vincent"]
[Result "1-0"]
[WhiteElo "2323"]
[BlackElo "2493"]
[PlyCount "125"]
[EventDate "2018.08.17"]
[EventType "swiss"]
[EventRounds "10"]
[EventCountry "ESP"]
[SourceTitle "Ajedrez en Madrid"]
[Source "lmi"]
[SourceDate "2018.08.17"]
[SourceVersion "1"]
[SourceVersionDate "2019.07.10"]
[SourceQuality "1"]

1. c4 e6 2. g3 d5 3. Nf3 dxc4 4. Qa4+ c6 5. Qxc4 b5 6. Qb3 Bb7 7. Bg2 Nf6 8.
O-O Be7 9. a4 a6 10. d4 O-O 11. Rd1 c5 12. dxc5 Nbd7 13. Be3 Bd5 14. Qc2 b4 15.
Nbd2 Qc7 16. Rac1 Rfc8 17. Nb3 Bc6 18. Bf4 Qd8 19. Ne1 Qf8 20. Bxc6 Rxc6 21.
Nd3 Nd5 22. Ne5 Nxe5 23. Bxe5 f6 24. Bd4 a5 25. Qe4 Qc8 26. f3 Qa6 27. Bf2 f5
28. Qd3 Qxd3 29. Rxd3 Bf6 30. e4 fxe4 31. fxe4 Ne7 32. Rd7 Kf8 33. Rcd1 Rcc8
34. R1d6 Rc6 35. Rxe7 Rxd6 36. cxd6 Bxe7 37. dxe7+ Kxe7 38. Bb6 Rc8 39. Bxa5
Rc4 40. Kf1 Kd7 41. Bb6 e5 42. Bf2 Kc7 43. Nc5 b3 44. Nxb3 Rxa4 45. Nd2 Kd6 46.
Ke2 Ke6 47. Kd3 h5 48. h4 g6 49. Nf3 Ra8 50. Be1 Ra1 51. Bc3 Rb1 52. Bxe5 Rd1+
53. Ke2 Ra1 54. Bc3 Ra4 55. Ke3 Ra8 56. Ng5+ Kd6 57. Nh3 Rg8 58. Kd4 Ke6 59.
Ng5+ Ke7 60. e5 Rh8 61. b4 Rd8+ 62. Ke4 Rb8 63. Nf3 1-0

[Event "20. Open d'escacs de Sants 2018"]
[Site "Barcelona ESP"]
[Date "2018.08.21"]
[Round "5.25"]
[White "WALLNER, Joachim"]
[Black "NARCISO DUBLAN, Marc"]
[Result "0-1"]
[WhiteElo "2336"]
[BlackElo "2483"]
[PlyCount "65"]
[EventDate "2018.08.17"]
[EventType "swiss"]
[EventRounds "10"]
[EventCountry "ESP"]
[SourceTitle "Ajedrez en Madrid"]
[Source "lmi"]
[SourceDate "2018.08.17"]
[SourceVersion "1"]
[SourceVersionDate "2019.07.10"]
[SourceQuality "1"]

1. Nf3 d5 2. e3 Nf6 3. b3 Bg4 4. Bb2 Nbd7 5. Be2 e6 6. O-O Bd6 7. c4 O-O 8. Nc3
c6 9. d3 Qe7 10. Re1 e5 11. cxd5 cxd5 12. h3 Be6 13. Nb5 Bb4 14. Rf1 Bf5 15.
Nh4 Bg6 16. Nxg6 hxg6 17. d4 e4 18. a3 Ba5 19. Bc3 Bxc3 20. Nxc3 Rfc8 21. Qd2
Nf8 22. Rfc1 Ne6 23. b4 g5 24. Qa2 Nd7 25. Rc2 g4 26. hxg4 g6 27. Rac1 Kg7 28.
Na4 Rh8 29. Nc5 Nexc5 30. Rxc5 Qd6 31. g3 Qe6 32. Qb3 Rh7 33. Kf1 0-1

[Event "20. Open d'escacs de Sants 2018"]
[Site "Barcelona ESP"]
[Date "2018.08.21"]
[Round "5.26"]
[White "AGUERO JIMENEZ, Luis Lazaro"]
[Black "IPPOLITO, Dean"]
[Result "1-0"]
[WhiteElo "2482"]
[BlackElo "2338"]
[PlyCount "70"]
[EventDate "2018.08.17"]
[EventType "swiss"]
[EventRounds "10"]
[EventCountry "ESP"]
[SourceTitle "Ajedrez en Madrid"]
[Source "lmi"]
[SourceDate "2018.08.17"]
[SourceVersion "1"]
[SourceVersionDate "2019.07.10"]
[SourceQuality "1"]

1. e4 e5 2. Nf3 Nf6 3. Nxe5 d6 4. Nf3 Nxe4 5. d4 d5 6. Bd3 Bd6 7. O-O O-O 8. c4
c6 9. Re1 Bf5 10. Qc2 Na6 11. a3 Bg6 12. c5 Bb8 13. Nc3 f5 14. Ne2 Bh5 15. Bf4
Bxf3 16. gxf3 Nxf2 17. Bxf5 Bxf4 18. Nxf4 Qg5+ 19. Ng2 Rxf5 20. Qxf2 Raf8 21.
h4 Qg6 22. Re3 Qf6 23. Rae1 Qxd4 24. b4 Nc7 25. f4 Nb5 26. Kh2 Nxa3 27. Qe2 Nb5
28. Re7 h6 29. Qg4 Rxf4 30. Nxf4 Qxf4+ 31. Qxf4 Rxf4 32. Rxb7 Rxb4 33. Ree7 Rg4
34. Kh3 Rg1 35. h5 Kh7 1-0

[Event "20. Open d'escacs de Sants 2018"]
[Site "Barcelona ESP"]
[Date "2018.08.21"]
[Round "5.27"]
[White "CORI QUISPE, Kevin Joel"]
[Black "ABDULLA, Murad"]
[Result "0-1"]
[WhiteElo "2480"]
[BlackElo "2329"]
[PlyCount "54"]
[EventDate "2018.08.17"]
[EventType "swiss"]
[EventRounds "10"]
[EventCountry "ESP"]
[SourceTitle "Ajedrez en Madrid"]
[Source "lmi"]
[SourceDate "2018.08.17"]
[SourceVersion "1"]
[SourceVersionDate "2019.07.10"]
[SourceQuality "1"]

1. e4 c5 2. Nf3 d6 3. d4 cxd4 4. Nxd4 Nf6 5. Nc3 g6 6. Be3 Bg7 7. f3 O-O 8. Qd2
Nc6 9. g4 Be6 10. Nxe6 fxe6 11. O-O-O Ne5 12. Be2 Qc8 13. h4 Nfd7 14. f4 Nc4
15. Bxc4 Qxc4 16. e5 Rad8 17. h5 dxe5 18. f5 gxf5 19. gxf5 exf5 20. Rhg1 Nf6
21. Qxd8 Rxd8 22. Rxd8+ Kf7 23. h6 Bf8 24. Bd2 f4 25. Re1 Bxh6 26. b3 Qc6 27.
Kb2 e4 0-1

[Event "20. Open d'escacs de Sants 2018"]
[Site "Barcelona ESP"]
[Date "2018.08.21"]
[Round "5.28"]
[White "MUNOZ, Miguel"]
[Black "RAJESH, V A V."]
[Result "0-1"]
[WhiteElo "2476"]
[BlackElo "2325"]
[PlyCount "74"]
[EventDate "2018.08.17"]
[EventType "swiss"]
[EventRounds "10"]
[EventCountry "ESP"]
[SourceTitle "Ajedrez en Madrid"]
[Source "lmi"]
[SourceDate "2018.08.17"]
[SourceVersion "1"]
[SourceVersionDate "2019.07.10"]
[SourceQuality "1"]

1. e4 e5 2. d4 exd4 3. Qxd4 Nc6 4. Qe3 g6 5. Nc3 Bg7 6. b3 Nf6 7. Bb2 O-O 8.
O-O-O Re8 9. f3 d6 10. g4 h5 11. g5 Nh7 12. h4 Ne5 13. Qd2 Bd7 14. Bg2 a5 15.
Kb1 a4 16. f4 Ng4 17. Nh3 Qb8 18. f5 gxf5 19. Nf4 axb3 20. cxb3 Qa7 21. Nxh5
Be5 22. Rde1 b5 23. exf5 Bxf5+ 24. Ka1 d5 25. Bxd5 c6 26. Bxc6 Red8 27. Qe2
Bxc3 28. Bxa8 Bxe1 29. Rxe1 Rxa8 30. a3 Qc5 31. Ka2 b4 32. Qf3 Rd8 33. a4 Rd2
34. Qf4 Qc3 35. Re8+ Nf8 36. Qxd2 Qxd2 37. Ng3 Bc2 0-1

[Event "20. Open d'escacs de Sants 2018"]
[Site "Barcelona ESP"]
[Date "2018.08.21"]
[Round "5.30"]
[White "NAPOLI, Nicolo"]
[Black "MOLNER, Mackenzie"]
[Result "1/2-1/2"]
[WhiteElo "2295"]
[BlackElo "2465"]
[PlyCount "76"]
[EventDate "2018.08.17"]
[EventType "swiss"]
[EventRounds "10"]
[EventCountry "ESP"]
[SourceTitle "Ajedrez en Madrid"]
[Source "lmi"]
[SourceDate "2018.08.17"]
[SourceVersion "1"]
[SourceVersionDate "2019.07.10"]
[SourceQuality "1"]

1. d4 Nf6 2. c4 g6 3. Nf3 Bg7 4. g3 O-O 5. Bg2 d6 6. O-O Nc6 7. Nc3 e5 8. dxe5
dxe5 9. Bg5 Be6 10. Qa4 Qc8 11. Rfd1 Nd7 12. Nd5 e4 13. Nd2 f5 14. Qxc6 bxc6
15. Ne7+ Kf7 16. Nxc8 Bxb2 17. Rab1 Bf6 18. Bxf6 Nxf6 19. f3 e3 20. Nf1 Rfxc8
21. Nxe3 a5 22. f4 Ra6 23. Rb2 Ke7 24. c5 a4 25. Nc2 a3 26. Rb7 Nd7 27. Nb4
Nxc5 28. Nxa6 Nxb7 29. Nb4 Na5 30. Rd3 Rb8 31. Rxa3 Rxb4 32. Rxa5 Kd6 33. Kf2
Rb2 34. a3 c5 35. Ra6+ Kd7 36. Bc6+ Ke7 37. Bf3 c4 38. Ke3 Rb1 1/2-1/2

[Event "20. Open d'escacs de Sants 2018"]
[Site "Barcelona ESP"]
[Date "2018.08.21"]
[Round "5.31"]
[White "LODICI, Lorenzo"]
[Black "HERNANDEZ, Cristian Andres"]
[Result "1/2-1/2"]
[WhiteElo "2447"]
[BlackElo "2323"]
[PlyCount "106"]
[EventDate "2018.08.17"]
[EventType "swiss"]
[EventRounds "10"]
[EventCountry "ESP"]
[SourceTitle "Ajedrez en Madrid"]
[Source "lmi"]
[SourceDate "2018.08.17"]
[SourceVersion "1"]
[SourceVersionDate "2019.07.10"]
[SourceQuality "1"]

1. e4 c5 2. Nf3 d6 3. d4 Nf6 4. Nc3 cxd4 5. Nxd4 a6 6. Be2 e5 7. Nf3 h6 8. Nd2
Be6 9. Nc4 Qc7 10. Ne3 Nbd7 11. O-O g6 12. Ncd5 Bxd5 13. Nxd5 Nxd5 14. Qxd5 Be7
15. Rd1 Rc8 16. c3 Qc6 17. f3 Qxd5 18. Rxd5 Rc6 19. g3 Bd8 20. Rd1 h5 21. Kg2
Bb6 22. Bg5 f6 23. Bd2 Ke7 24. Be1 Ba7 25. a4 Rhc8 26. b4 Be3 27. Rd3 Ba7 28.
a5 f5 29. exf5 gxf5 30. Rdd1 Nf6 31. Rab1 Ke6 32. c4 d5 33. c5 h4 34. Bf2 Rg8
35. Re1 Nh5 36. Kh3 Rc7 37. f4 hxg3 38. hxg3 Nxf4+ 39. gxf4 Rh7+ 40. Bh4 Rgh8
41. fxe5 Rxh4+ 42. Kg2 Rg8+ 43. Kf3 Rgg4 44. Rh1 Rxh1 45. Rxh1 Rxb4 46. Rh6+
Kxe5 47. c6 Rf4+ 48. Kg3 Bf2+ 49. Kg2 bxc6 50. Rxc6 Be1 51. Bf3 Bxa5 52. Rxa6
Bc3 53. Rc6 Bb4 1/2-1/2

[Event "20. Open d'escacs de Sants 2018"]
[Site "Barcelona ESP"]
[Date "2018.08.21"]
[Round "5.32"]
[White "ESCALANTE RAMIREZ, Brian Sebasti"]
[Black "BUYUKASIK, Diyap"]
[Result "1-0"]
[WhiteElo "2438"]
[BlackElo "2305"]
[PlyCount "69"]
[EventDate "2018.08.17"]
[EventType "swiss"]
[EventRounds "10"]
[EventCountry "ESP"]
[SourceTitle "Ajedrez en Madrid"]
[Source "lmi"]
[SourceDate "2018.08.17"]
[SourceVersion "1"]
[SourceVersionDate "2019.07.10"]
[SourceQuality "1"]

1. e4 c5 2. Nf3 d6 3. d4 cxd4 4. Nxd4 Nf6 5. Nc3 a6 6. Be3 e5 7. Nf3 Be7 8. Bc4
O-O 9. O-O Be6 10. Bb3 Qc7 11. Nh4 g6 12. Qf3 Kg7 13. Bxe6 fxe6 14. Qh3 Nh5 15.
Nf3 Qd7 16. Rad1 Nc6 17. Na4 Qe8 18. Nb6 Rd8 19. Qxe6 Nf4 20. Bxf4 Rxf4 21. Nd5
Rxe4 22. Nxe7 Nxe7 23. Ng5 Rb4 24. a3 Rb6 25. Qh3 Kf6 26. Nxh7+ Kg7 27. Ng5 Kf6
28. f4 exf4 29. Ne4+ Kg7 30. Qc3+ Kh6 31. Rxf4 Nf5 32. Rd3 Qe5 33. Rh3+ Kg7 34.
Qc7+ Ne7 35. Qxd8 1-0

[Event "20. Open d'escacs de Sants 2018"]
[Site "Barcelona ESP"]
[Date "2018.08.21"]
[Round "5.34"]
[White "VIDAL ZAMORA, Alex"]
[Black "TOUZANE, Olivier"]
[Result "1/2-1/2"]
[WhiteElo "2404"]
[BlackElo "2301"]
[PlyCount "69"]
[EventDate "2018.08.17"]
[EventType "swiss"]
[EventRounds "10"]
[EventCountry "ESP"]
[SourceTitle "Ajedrez en Madrid"]
[Source "lmi"]
[SourceDate "2018.08.17"]
[SourceVersion "1"]
[SourceVersionDate "2019.07.10"]
[SourceQuality "1"]

1. d4 Nf6 2. Nf3 d5 3. c4 e6 4. Nc3 a6 5. cxd5 exd5 6. Bg5 Be6 7. e3 Bd6 8. Bd3
Nbd7 9. O-O h6 10. Bh4 g5 11. Bg3 Bxg3 12. fxg3 c6 13. Qe2 Qe7 14. Rac1 Kf8 15.
Rce1 Re8 16. h3 g4 17. Nh4 gxh3 18. e4 Qb4 19. Nf3 Bg4 20. gxh3 dxe4 21. hxg4
exf3 22. Qxf3 Qxd4+ 23. Kg2 Rxe1 24. Rxe1 Qxg4 25. Qf2 Qb4 26. Bf5 Rg8 27. Qd2
Kg7 28. Rh1 Rh8 29. Bxd7 Nxd7 30. Qxd7 Qxb2+ 31. Kh3 Qxc3 32. Qg4+ Kh7 33. Qf5+
Kg7 34. Qg4+ Kh7 35. Qf5+ 1/2-1/2

[Event "20. Open d'escacs de Sants 2018"]
[Site "Barcelona ESP"]
[Date "2018.08.21"]
[Round "5.35"]
[White "FERNANDEZ CARDOSO, Alexey"]
[Black "HAAG, Gregor"]
[Result "1/2-1/2"]
[WhiteElo "2403"]
[BlackElo "2298"]
[PlyCount "101"]
[EventDate "2018.08.17"]
[EventType "swiss"]
[EventRounds "10"]
[EventCountry "ESP"]
[SourceTitle "Ajedrez en Madrid"]
[Source "lmi"]
[SourceDate "2018.08.17"]
[SourceVersion "1"]
[SourceVersionDate "2019.07.10"]
[SourceQuality "1"]

1. e4 e5 2. Nf3 Nf6 3. Nxe5 d6 4. Nf3 Nxe4 5. d4 d5 6. Bd3 Bd6 7. O-O O-O 8. c4
c6 9. cxd5 cxd5 10. Nc3 Nxc3 11. bxc3 Bg4 12. Rb1 Nd7 13. h3 Bh5 14. Rxb7 Nb6
15. Qc2 Bxf3 16. gxf3 g6 17. Kg2 Qc8 18. Ba6 Qc6 19. Bh6 Nc4 20. Bxf8 Kxf8 21.
Bxc4 Qxb7 22. Bb3 Qe7 23. Qc1 Rc8 24. Re1 Qf6 25. Bxd5 Bf4 26. Qa3+ Bd6 27. Qb3
Qg5+ 28. Kf1 Qf5 29. Be4 Qxh3+ 30. Ke2 Rb8 31. Qd5 Bf4 32. Kd3 Rb2 33. Qc5+ Kg7
34. Bd5 Qf5+ 35. Kc4 Qc2 36. Qxa7 Qf5 37. Re8 Rd2 38. Qe7 Kh6 39. Qf8+ Kg5 40.
Re1 Qd3+ 41. Kb4 Rxf2 42. Rg1+ Kh5 43. Rh1+ Rh2 44. Rxh2+ Bxh2 45. Qxf7 Bd6+
46. Ka4 Qa6+ 47. Kb3 Qb5+ 48. Kc2 Qe2+ 49. Kb1 Qd1+ 50. Kb2 Qe2+ 51. Kb1
1/2-1/2

[Event "20. Open d'escacs de Sants 2018"]
[Site "Barcelona ESP"]
[Date "2018.08.21"]
[Round "5.36"]
[White "ROIG AGUILAR, Alejandro"]
[Black "LAPSHUN, Yury"]
[Result "0-1"]
[WhiteElo "2282"]
[BlackElo "2403"]
[PlyCount "42"]
[EventDate "2018.08.17"]
[EventType "swiss"]
[EventRounds "10"]
[EventCountry "ESP"]
[SourceTitle "Ajedrez en Madrid"]
[Source "lmi"]
[SourceDate "2018.08.17"]
[SourceVersion "1"]
[SourceVersionDate "2019.07.10"]
[SourceQuality "1"]

1. d4 Nf6 2. c4 e6 3. Nc3 Bb4 4. Qc2 O-O 5. e4 c5 6. a3 Ba5 7. e5 Bxc3+ 8. bxc3
Ne8 9. Bd3 f5 10. Nf3 b6 11. h4 d6 12. h5 cxd4 13. cxd4 dxe5 14. Nxe5 Bb7 15.
Bb2 Nd7 16. f4 Nef6 17. d5 Nxe5 18. Bxe5 Ng4 19. Bb2 exd5 20. Qc3 d4 21. Qb4
Bxg2 0-1

[Event "20. Open d'escacs de Sants 2018"]
[Site "Barcelona ESP"]
[Date "2018.08.21"]
[Round "5.37"]
[White "KRISHNA, C R G."]
[Black "GOMEZ ANADON, Daniel"]
[Result "1-0"]
[WhiteElo "2402"]
[BlackElo "2271"]
[PlyCount "79"]
[EventDate "2018.08.17"]
[EventType "swiss"]
[EventRounds "10"]
[EventCountry "ESP"]
[SourceTitle "Ajedrez en Madrid"]
[Source "lmi"]
[SourceDate "2018.08.17"]
[SourceVersion "1"]
[SourceVersionDate "2019.07.10"]
[SourceQuality "1"]

1. d4 d5 2. c4 e6 3. Nf3 Nf6 4. g3 dxc4 5. Bg2 Bd7 6. Ne5 Bc6 7. Nxc6 Nxc6 8.
O-O Qd7 9. e3 O-O-O 10. Qa4 Nd5 11. Qxc4 h5 12. Bd2 h4 13. Rc1 hxg3 14. hxg3 f5
15. Nc3 g5 16. Qa4 Kb8 17. Rab1 Qh7 18. b4 f4 19. Nxd5 Rxd5 20. b5 Nd8 21. Qc2
Rf5 22. exf4 Bd6 23. g4 Qh2+ 24. Kf1 Rf7 25. Rb3 Bxf4 26. Bxf4 Qxf4 27. Rf3 Qd6
28. Rxf7 Nxf7 29. Qe4 Qb6 30. Rc5 a6 31. a4 axb5 32. Rxb5 Qa6 33. Qxb7+ Qxb7
34. Rxb7+ Kc8 35. Rb5 Nd6 36. Rb7 Nf7 37. Rb4 Nd6 38. a5 Kd7 39. a6 c6 40. Rb6
1-0

[Event "20. Open d'escacs de Sants 2018"]
[Site "Barcelona ESP"]
[Date "2018.08.21"]
[Round "5.38"]
[White "SERESIN, Francesco"]
[Black "LORENZO DE LA RIVA, Lazaro"]
[Result "1-0"]
[WhiteElo "2279"]
[BlackElo "2399"]
[PlyCount "149"]
[EventDate "2018.08.17"]
[EventType "swiss"]
[EventRounds "10"]
[EventCountry "ESP"]
[SourceTitle "Ajedrez en Madrid"]
[Source "lmi"]
[SourceDate "2018.08.17"]
[SourceVersion "1"]
[SourceVersionDate "2019.07.10"]
[SourceQuality "1"]

1. d4 Nf6 2. c4 c5 3. d5 b5 4. cxb5 a6 5. e3 e6 6. Nc3 Bb7 7. e4 exd5 8. exd5
d6 9. bxa6 Bxa6 10. Bxa6 Nxa6 11. Nf3 Be7 12. O-O O-O 13. Re1 Qd7 14. Nd2 Rfb8
15. Nc4 Bf8 16. Bf4 Nc7 17. b3 Ra6 18. Bg3 Qf5 19. Ne3 Qg6 20. Qf3 h5 21. h3
Qd3 22. Rac1 Nb5 23. Nxb5 Rxb5 24. Rcd1 Qc3 25. Rc1 Qd3 26. Red1 Qe4 27. Qe2
Rba5 28. a4 Rb6 29. Qd3 Raa6 30. f3 Qxd3 31. Rxd3 Ne8 32. Nc4 Rb7 33. Kf1 Ra8
34. Ke2 g6 35. Kd1 Ra6 36. Kc2 Nc7 37. Rcd1 Be7 38. Bf4 Bf8 39. Re1 Rb8 40. Re2
Rba8 41. Bg5 Rb8 42. g4 hxg4 43. hxg4 Raa8 44. Bd2 Re8 45. Rxe8 Rxe8 46. Kd1
Na6 47. Bc3 Rb8 48. Kc2 Re8 49. Rd2 Rd8 50. Re2 Bg7 51. Ba5 Nb4+ 52. Bxb4 cxb4
53. Kd3 Rc8 54. Rc2 Rc5 55. Ne3 Bc3 56. Ke4 Kg7 57. g5 Rc8 58. Nc4 Re8+ 59. Kd3
Rh8 60. a5 Rh1 61. Nxd6 Ra1 62. Nb7 Kf8 63. Re2 Rc1 64. d6 Kg7 65. Ke4 Rd1 66.
a6 Rd4+ 67. Ke3 Rd1 68. Kf4 Bd4 69. d7 Bb6 70. a7 Ra1 71. d8=Q Bxd8 72. Nxd8
Rxa7 73. Nc6 Rc7 74. Nxb4 Rb7 75. Re4 1-0

[Event "20. Open d'escacs de Sants 2018"]
[Site "Barcelona ESP"]
[Date "2018.08.21"]
[Round "5.39"]
[White "PFREUNDT, Jakob"]
[Black "MARTINEZ FERNANDEZ, Adrian"]
[Result "1/2-1/2"]
[WhiteElo "2399"]
[BlackElo "2268"]
[PlyCount "103"]
[EventDate "2018.08.17"]
[EventType "swiss"]
[EventRounds "10"]
[EventCountry "ESP"]
[SourceTitle "Ajedrez en Madrid"]
[Source "lmi"]
[SourceDate "2018.08.17"]
[SourceVersion "1"]
[SourceVersionDate "2019.07.10"]
[SourceQuality "1"]

1. Nf3 d5 2. d4 Nf6 3. e3 e6 4. c4 dxc4 5. Bxc4 c5 6. O-O a6 7. dxc5 Bxc5 8.
Qxd8+ Kxd8 9. Be2 Nbd7 10. Nd4 Ke7 11. b3 Rd8 12. Bb2 Ne4 13. Rc1 g6 14. g4 Bd6
15. f3 Nec5 16. Nc3 Ne5 17. Rd1 Bd7 18. Rd2 Be8 19. Rad1 Nc6 20. f4 Nxd4 21.
Rxd4 Bc6 22. R1d2 h6 23. h4 Rd7 24. g5 hxg5 25. hxg5 Rad8 26. Kf2 Ke8 27. Bf3
Be7 28. Bxc6 bxc6 29. Ke2 Rxd4 30. Rxd4 e5 31. Rxd8+ Bxd8 32. Ba3 Ne6 33. Bd6
exf4 34. exf4 Kd7 35. Ne4 Bb6 36. Be5 Nc5 37. Nd2 Ke6 38. Nc4 Bd8 39. Bd4 Nd7
40. Ne3 Bc7 41. Kf3 c5 42. Bc3 Nb6 43. Ke4 Nc8 44. Be5 Bd8 45. Nd5 Ne7 46. Nc3
Nf5 47. Na4 Be7 48. Nb6 Ng3+ 49. Kf3 Nf5 50. Ke4 Ng3+ 51. Kf3 Nf5 52. Ke4
1/2-1/2

[Event "20. Open d'escacs de Sants 2018"]
[Site "Barcelona ESP"]
[Date "2018.08.22"]
[Round "6.1"]
[White "NISIPEANU, Liviu-Dieter"]
[Black "DEMCHENKO, Anton"]
[Result "1/2-1/2"]
[WhiteElo "2657"]
[BlackElo "2670"]
[PlyCount "73"]
[EventDate "2018.08.17"]
[EventType "swiss"]
[EventRounds "10"]
[EventCountry "ESP"]
[SourceTitle "Ajedrez en Madrid"]
[Source "lmi"]
[SourceDate "2018.08.17"]
[SourceVersion "1"]
[SourceVersionDate "2019.07.10"]
[SourceQuality "1"]

1. e4 e5 2. Nf3 Nc6 3. Nc3 Nf6 4. d4 exd4 5. Nxd4 Bb4 6. Nxc6 bxc6 7. Bd3 O-O
8. O-O d5 9. exd5 cxd5 10. h3 c6 11. Qf3 Rb8 12. Bg5 Bd6 13. b3 Be5 14. Bf4
Bxf4 15. Qxf4 Be6 16. Na4 Qa5 17. Rfe1 c5 18. c4 dxc4 19. Bxc4 Bxc4 20. Qxc4
Rb4 21. Qc2 c4 22. Nb2 cxb3 23. axb3 Qb5 24. Re3 Qb8 25. Nc4 Rc8 26. Rg3 Rb6
27. Re1 Ra6 28. Qd2 Re8 29. Rxe8+ Nxe8 30. Re3 Ra1+ 31. Re1 Rxe1+ 32. Qxe1 Kf8
33. Qe3 Qc7 34. Qd4 Qb7 35. Qc3 Qc7 36. Qd3 Nf6 37. Qd4 1/2-1/2

[Event "20. Open d'escacs de Sants 2018"]
[Site "Barcelona ESP"]
[Date "2018.08.22"]
[Round "6.2"]
[White "GLEDURA, Benjamin"]
[Black "VAIBHAV, Suri"]
[Result "1/2-1/2"]
[WhiteElo "2626"]
[BlackElo "2561"]
[PlyCount "57"]
[EventDate "2018.08.17"]
[EventType "swiss"]
[EventRounds "10"]
[EventCountry "ESP"]
[SourceTitle "Ajedrez en Madrid"]
[Source "lmi"]
[SourceDate "2018.08.17"]
[SourceVersion "1"]
[SourceVersionDate "2019.07.10"]
[SourceQuality "1"]

1. e4 c6 2. d4 d5 3. e5 Bf5 4. Nd2 e6 5. Nb3 Nd7 6. Nf3 c5 7. dxc5 Bxc5 8. Nxc5
Nxc5 9. Bb5+ Nd7 10. Nd4 Ne7 11. O-O a6 12. Nxf5 Nxf5 13. Bd3 Ne7 14. Qg4 Qc7
15. Re1 Nxe5 16. Qg3 f6 17. Bf4 N7c6 18. c4 d4 19. Be4 Qd7 20. Qh3 Kf7 21. Bxe5
Nxe5 22. Rad1 Rad8 23. c5 g5 24. Qb3 Nc6 25. Rd2 Kg7 26. Bxc6 Qxc6 27. Rxe6
Rhe8 28. Rxe8 Rxe8 29. Rd1 1/2-1/2

[Event "20. Open d'escacs de Sants 2018"]
[Site "Barcelona ESP"]
[Date "2018.08.22"]
[Round "6.3"]
[White "VOLKOV, Sergey"]
[Black "HEIMANN, Andreas"]
[Result "1/2-1/2"]
[WhiteElo "2557"]
[BlackElo "2590"]
[PlyCount "45"]
[EventDate "2018.08.17"]
[EventType "swiss"]
[EventRounds "10"]
[EventCountry "ESP"]
[SourceTitle "Ajedrez en Madrid"]
[Source "lmi"]
[SourceDate "2018.08.17"]
[SourceVersion "1"]
[SourceVersionDate "2019.07.10"]
[SourceQuality "1"]

1. d4 Nf6 2. c4 g6 3. Nc3 d5 4. Nf3 Bg7 5. Qb3 dxc4 6. Qxc4 O-O 7. e4 a6 8. Be2
b5 9. Qb3 c5 10. dxc5 Nbd7 11. e5 Nxc5 12. Qb4 Nfd7 13. O-O Bb7 14. Rd1 Ne6 15.
a4 Qc8 16. axb5 axb5 17. Rxa8 Bxa8 18. Qxb5 Bc6 19. Qa5 Bxf3 20. Bxf3 Nxe5 21.
Bd5 Nc5 22. Qb5 e6 23. Be3 1/2-1/2